<?xml version="1.0" encoding="UTF-8"?>
<record
    xmlns:xsi="http://www.w3.org/2001/XMLSchema-instance"
    xsi:schemaLocation="http://www.loc.gov/MARC21/slim http://www.loc.gov/standards/marcxml/schema/MARC21slim.xsd"
    xmlns="http://www.loc.gov/MARC21/slim">

  <leader>01576nam0a2200361   4500</leader>
  <controlfield tag="001">RU\NLR\bibl\357811</controlfield>
  <controlfield tag="005">20241118133006.0</controlfield>
  <datafield tag="020" ind1=" " ind2=" ">
    <subfield code="a">RU</subfield>
    <subfield code="b">02-14097</subfield>
    <subfield code="9">&#x41B;&#x435;&#x442;&#x43E;&#x43F;&#x438;&#x441;&#x44C; &#x430;&#x432;&#x442;&#x43E;&#x440;&#x435;&#x444;&#x435;&#x440;&#x430;&#x442;&#x43E;&#x432; &#x434;&#x438;&#x441;&#x441;&#x435;&#x440;&#x442;&#x430;&#x446;&#x438;&#x439;</subfield>
  </datafield>
  <datafield tag="021" ind1=" " ind2=" ">
    <subfield code="a">RU</subfield>
    <subfield code="b">2002-9372&#x430;</subfield>
    <subfield code="9">375&#x430;</subfield>
  </datafield>
  <datafield tag="035" ind1=" " ind2=" ">
    <subfield code="a">(NLR Aleph) 000352451</subfield>
  </datafield>
  <datafield tag="090" ind1=" " ind2=" ">
    <subfield code="a">284537</subfield>
    <subfield code="c">284537</subfield>
  </datafield>
  <datafield tag="100" ind1=" " ind2=" ">
    <subfield code="a">20021226d2002    u  u0rusy50      ca</subfield>
  </datafield>
  <datafield tag="101" ind1="0" ind2=" ">
    <subfield code="a">rus</subfield>
  </datafield>
  <datafield tag="102" ind1=" " ind2=" ">
    <subfield code="a">RU</subfield>
  </datafield>
  <datafield tag="105" ind1=" " ind2=" ">
    <subfield code="a">a   dm  |||||</subfield>
  </datafield>
  <datafield tag="200" ind1="1" ind2=" ">
    <subfield code="a">&#x410;&#x43D;&#x438;&#x437;&#x43E;&#x43C;&#x435;&#x442;&#x440;&#x43E;&#x43F;&#x438;&#x447;&#x435;&#x441;&#x43A;&#x430;&#x44F; &#x438; &#x440;&#x435;&#x444;&#x440;&#x430;&#x43A;&#x446;&#x438;&#x43E;&#x43D;&#x43D;&#x430;&#x44F; &#x430;&#x43C;&#x431;&#x43B;&#x438;&#x43E;&#x43F;&#x438;&#x44F; &#x443; &#x434;&#x435;&#x442;&#x435;&#x439;</subfield>
    <subfield code="e">(&#x41E;&#x441;&#x43E;&#x431;&#x435;&#x43D;&#x43D;&#x43E;&#x441;&#x442;&#x438; &#x43F;&#x430;&#x442;&#x43E;&#x433;&#x435;&#x43D;&#x435;&#x437;&#x430; &#x438; &#x43B;&#x435;&#x447;&#x435;&#x43D;&#x438;&#x44F;)</subfield>
    <subfield code="e">&#x410;&#x432;&#x442;&#x43E;&#x440;&#x435;&#x444;. &#x434;&#x438;&#x441;. &#x43D;&#x430; &#x441;&#x43E;&#x438;&#x441;&#x43A;. &#x443;&#x447;&#x435;&#x43D;. &#x441;&#x442;&#x435;&#x43F;. &#x434;.&#x43C;.&#x43D;.</subfield>
    <subfield code="e">&#x421;&#x43F;&#x435;&#x446;. 14.00.08</subfield>
    <subfield code="f">&#x41D;&#x435;&#x431;&#x435;&#x440;&#x430; &#x421;.&#x410;.</subfield>
    <subfield code="g">[&#x41A;&#x440;&#x430;&#x441;&#x43D;&#x43E;&#x44F;&#x440;. &#x433;&#x43E;&#x441;. &#x43C;&#x435;&#x434;. &#x430;&#x43A;&#x430;&#x434;.]</subfield>
  </datafield>
  <datafield tag="210" ind1=" " ind2=" ">
    <subfield code="a">&#x41A;&#x440;&#x430;&#x441;&#x43D;&#x43E;&#x44F;&#x440;&#x441;&#x43A;</subfield>
    <subfield code="d">2002</subfield>
  </datafield>
  <datafield tag="215" ind1=" " ind2=" ">
    <subfield code="a">46 &#x441;.</subfield>
    <subfield code="c">&#x438;&#x43B;.</subfield>
    <subfield code="d">21</subfield>
  </datafield>
  <datafield tag="320" ind1=" " ind2=" ">
    <subfield code="a">&#x411;&#x438;&#x431;&#x43B;&#x438;&#x43E;&#x433;&#x440;.: &#x441;. 39-43 (50 &#x43D;&#x430;&#x437;&#x432;.)</subfield>
  </datafield>
  <datafield tag="610" ind1="0" ind2=" ">
    <subfield code="a">&#x41C;&#x435;&#x434;&#x438;&#x446;&#x438;&#x43D;&#x441;&#x43A;&#x438;&#x435; &#x43D;&#x430;&#x443;&#x43A;&#x438;</subfield>
  </datafield>
  <datafield tag="675" ind1=" " ind2=" ">
    <subfield code="a">617.753-053.2</subfield>
    <subfield code="v">3</subfield>
    <subfield code="z">rus</subfield>
  </datafield>
  <datafield tag="686" ind1=" " ind2=" ">
    <subfield code="a">76.29</subfield>
    <subfield code="2">rugasnti</subfield>
  </datafield>
  <datafield tag="686" ind1=" " ind2=" ">
    <subfield code="a">56.7</subfield>
    <subfield code="2">rubbk</subfield>
  </datafield>
  <datafield tag="686" ind1=" " ind2=" ">
    <subfield code="a">14.00.08</subfield>
    <subfield code="2">oksvnk</subfield>
  </datafield>
  <datafield tag="700" ind1=" " ind2="1">
    <subfield code="a">&#x41D;&#x435;&#x431;&#x435;&#x440;&#x430;</subfield>
    <subfield code="b">&#x421;&#x435;&#x440;&#x433;&#x435;&#x439; &#x410;&#x43D;&#x430;&#x442;&#x43E;&#x43B;&#x44C;&#x435;&#x432;&#x438;&#x447;</subfield>
    <subfield code="4">070</subfield>
  </datafield>
  <datafield tag="801" ind1=" " ind2="0">
    <subfield code="a">RU</subfield>
    <subfield code="b">RKP</subfield>
    <subfield code="c">20021226</subfield>
    <subfield code="g">PSBO</subfield>
  </datafield>
  <datafield tag="801" ind1=" " ind2="1">
    <subfield code="a">RU</subfield>
    <subfield code="b">RKP</subfield>
    <subfield code="c">20021226</subfield>
  </datafield>
  <datafield tag="801" ind1=" " ind2="2">
    <subfield code="a">RU</subfield>
    <subfield code="b">NLR</subfield>
    <subfield code="c">20040109</subfield>
    <subfield code="g">rcr</subfield>
  </datafield>
  <datafield tag="852" ind1=" " ind2=" ">
    <subfield code="a">NLR</subfield>
    <subfield code="j">2002-&#x410;/9372</subfield>
  </datafield>
  <datafield tag="942" ind1=" " ind2=" ">
    <subfield code="c">BOOK</subfield>
  </datafield>
  <datafield tag="981" ind1="1" ind2="0">
    <subfield code="a">(10) &#x410;&#x432;&#x442;&#x43E;&#x440;&#x435;&#x444;&#x435;&#x440;&#x430;&#x442;&#x44B;</subfield>
    <subfield code="b">(10) 14.00.00 &#x41C;&#x435;&#x434;&#x438;&#x446;&#x438;&#x43D;&#x441;&#x43A;&#x438;&#x435; &#x43D;&#x430;&#x443;&#x43A;&#x438;</subfield>
    <subfield code="b">14.01.00 &#x41A;&#x43B;&#x438;&#x43D;&#x438;&#x447;&#x435;&#x441;&#x43A;&#x430;&#x44F; &#x43C;&#x435;&#x434;&#x438;&#x446;&#x438;&#x43D;&#x430;</subfield>
    <subfield code="b">14.01.07 &#x413;&#x43B;&#x430;&#x437;&#x43D;&#x44B;&#x435; &#x431;&#x43E;&#x43B;&#x435;&#x437;&#x43D;&#x438;</subfield>
  </datafield>
</record>
